000
00288nam a22001217a 4500
008
230621b xxu||||| |||| 00| 0 eng d
082
_a
328.1
_b
WIS
100
_c
Madison Wisconsin
245
_a
Wisconsin Assembly
_b
Manual on Committee
260
_c
1993
300
_a
49p
942
_2
ddc
_c
BK
999
_c
2132
_d
2132